000 00745nam a2200217 a 4500
001 BRCA_4107
005 20190320204540.0
008 230310s2009----mx-a######---#000-0#spa-#
041 _aspa
044 _amx
050 4 _aNK8812.5
_b.Y6 2009
245 1 0 _aYo siempre vivo, yo nunca muero
_barte textil contemporáneo = Contemporary Textile Art.
260 _a[México]
_bMuseo Textil de Oaxaca
_c2009
300 _a67 p.
_bil. a color
_c20 cm.
500 _aCatálogo de la exposición realizada en el Museo Franz Mayer (Ciudad de México), 28 enero - 4 abril, 2010
546 _aTexto en español e inglés
650 1 4 _aDiseño textil
_zMéxico
_910630
650 1 4 _aTextiles
_910631
740 0 _aContemporary Textile Art
942 _2lcc
_cB
999 _c3825
_d3825